International Scientific Conference COMPETITION Proceedings of the 17th International Scientific Conference : 15th - 16th May 2025, Jihlava, Czech Republic

Gespeichert in:
Bibliographische Detailangaben
Körperschaft: Konkurence. Mezinárodní vědecká konference
Format: Buch
Sprache:Englisch
Tschechisch
Slowakisch
Veröffentlicht: Jihlava College of Polytechnics Jihlava 2025
Ausgabe:1st Edition
Schlagworte:
Tags: Tag hinzufügen
Keine Tags, Fügen Sie das erste Tag hinzu!

MARC

LEADER 00000nlm a2200000 4500
001 0313629
005 20251216084003.8
020 |a 978-80-88064-78-7 
022 |a 2788-0605 (online; pdf) 
041 0 |a eng 
041 0 |a cze 
041 0 |a slo 
044 |a CZ 
245 1 0 |a International Scientific Conference COMPETITION  |b Proceedings of the 17th International Scientific Conference : 15th - 16th May 2025, Jihlava, Czech Republic 
250 |a 1st Edition 
264 1 |a Jihlava  |b College of Polytechnics Jihlava  |c 2025 
300 |a 231 s. 
610 2 0 |a konkurencia 
610 2 0 |a konkurencieschopnosť 
610 2 0 |a podnikanie 
610 2 0 |a marketing 
610 2 0 |a udržateľnosť 
610 2 0 |a digitalizácia 
110 2 |a Konkurence. Mezinárodní vědecká konference